000 00589nam a2200193Ia 4500
005 20250508150757.0
008 008 250505s9999 xx 000 0 eng d
037 _aTextual
040 _aFEDL
_beng
_cFEDL
041 _aeng
_2eng
084 _a370.3, BIL
_qFEDL
100 _aBillett Roy O
_945986
245 0 _aFundamentals of secondary - school : Teaching with emphasis on the unit method
260 _aBoston, USA
_bHoughton Mifflin Company
_c1940
300 _axvi,671p
650 _aTeaching Technique
942 _cTEXL
_h370.3, BIL
999 _c1325612
_d1325612